Television writing : from concept to contract /

Bibliographic Details
Main Author: Blum, Richard A.
Format: Book
Language:English
Published: Boston : Focal Press, [1984]
Edition:Rev. ed.
Subjects:

MARC

Tag First Indicator Second Indicator Subfields
LEADER 00000pam a2200000 a 4500
001 in00000533607
005 20151013174255.0
008 840302s1984 maua b 00110 eng
010 |a  84004136  
020 |a 0240517377 (pbk.) 
035 |a (OCoLC)10557729 
035 |9 ACH4722AM 
039 0 |a 2  |b 3  |c 3  |d 3  |e 3 
040 |a DLC  |c DLC  |d TXA  |d UtOrBLW 
049 |a TXAM 
050 0 0 |a PN1992.7  |b .B58 1984 
082 0 |a 808/.066791  |2 19 
100 1 |a Blum, Richard A. 
245 1 0 |a Television writing :  |b from concept to contract /  |c Richard A. Blum. 
250 |a Rev. ed. 
264 1 |a Boston :  |b Focal Press,  |c [1984] 
264 4 |c ©1984 
300 |a vi, 282 pages :  |b illustrations ;  |c 24 cm. 
336 |a text  |b txt  |2 rdacontent 
337 |a unmediated  |b n  |2 rdamedia 
338 |a volume  |b nc  |2 rdacarrier 
500 |a Includes index. 
504 |a Bibliography: pages 267-276. 
650 0 |a Television authorship. 
999 |a MARS 
999 f f |s b6f68ef4-8603-3f0c-b1cd-2ac66942d149  |i 4d1db4ad-7a7d-36fa-9fcc-51812a567a4b  |t 0 
952 f f |p ric  |a Texas A&M University  |b Rellis Campus  |c Joint Library Facility  |d Remote Storage  |t 0  |e PN1992.7 .B58 1984  |h Library of Congress classification  |i unmediated -- volume  |m A14808810731 
998 f f |a PN1992.7 .B58 1984  |t 0  |l Remote Storage